NFL Players to have 4+ Sacks in a game - Statistics

General Stats
  • This quiz has been taken 17 times
  • The average score is 14 of 25
Answer Stats
Year Team Opp. Team Player % Correct
2025 Browns Ravens Myles Garrett
100%
2025 Browns Patriots Myles Garrett
100%
2020 Rams Commanders Aaron Donald
94%
2018 Rams 49ers Aaron Donald
94%
2021 Browns Bears Myles Garrett
94%
2022 Steelers Browns T.J. Watt
88%
2024 Bengals Raiders Trey Hendrickson
88%
2019 Saints Falcons Cameron Jordan
75%
2023 Chargers Raiders Khalil Mack
75%
2021 Cardinals Titans Chandler Jones
69%
2019 Cardinals Seahawks Chandler Jones
69%
2019 Raiders Bengals Maxx Crosby
69%
2019 Cardinals Giants Chandler Jones
63%
2015 Raiders Broncos Khalil Mack
63%
2015 Dolphins Titans Cameron Wake
38%
2019 Buccaneers Giants Shaquil Barrett
38%
2017 Jaguars Texan Calais Campbell
31%
2014 Chiefs Chargers Justin Houston
31%
2014 Commanders Jaguars Ryan Kerrigan
25%
2020 Cardinals Giants Haason Reddick
19%
2025 Jets Browns Will McDonald IV
19%
2017 Falcons Cowboys Adrian Clayborn
13%
2024 Lions Buccaneers Aidan Hutchingson
13%
2013 Panthers Falcons Greg Hardy
13%
2025 Chargers Giants Tuli Tuipulotu
6%
No matching quizzes found
Score Distribution
Percent of People with Each Score
Percentile by Number Answered
Your Score History
You have not taken this quiz